000 00439nam a2200157 i 4500
001 29379
003 ES-MaACL
005 20230906154026.0
007 t|
008 030121s1972 sp ||||1| spa d
100 1 _aBarioli, César.
_925659
245 1 3 _aEl judo en 12 lecciones /
_cCésar Barioli.
260 _a[Barcelona] :
_bDe Vecchi,
_c[1972]
300 _a232 p., 15 lám. :
_bil. ;
_c24 cm.
852 _aES-MaACL
_jC-43318
_bR.82065
999 _c29379
_d29379